000 00682nas a2200229 4500
001 BR0900267
003 BR-BrBNA
005 20231205113017.0
007 ta
008 230509b bl.|||p| |||| 00| 00por d
040 _aBR-BrBNA
_bpor
_cBiblioteca Nacional de Agricultura
041 _a(Pt)
072 _aE71; E72
100 1 _aCamargo, S.G.C. de
100 1 _aPouey, J.L.O.F.
245 1 _aAqüicultura - Um mercado em expansão.
650 _aAQÜICULTURA
650 _aMERCADO
773 0 _tRevista Brasileira de Agrociência (Brazil)
_xISSN 0104-8996
_g(Oct-Dec 2005), v. 11(4) p. 393-396
_wBR0900267
909 _a202311
_bLúcia
_c55
_dLúcia Elande
942 _2AGRIS
_n0
_cANA
999 _c201320
_d201320